| 000 | 00594nam a2200169Ia 4500 | ||
|---|---|---|---|
| 005 | 20250424120256.0 | ||
| 008 | 250424s9999 xx 000 0 und d | ||
| 022 | _a1190175 | ||
| 050 | _aJC 599 .N6 J68/ | ||
| 245 | 0 | _aJournal of economic, social and cultural rights | |
| 260 | _aSurulere, Lagos | ||
| 260 | _bShelter Rights Initiatives (SRI) | ||
| 260 | _c2001 | ||
| 300 | _aviii. , 134 p. ; 23 cm. | ||
| 650 | _aHuman rights--Nigeria--Periodicals. Quality of life--Nigeria--Periodicals. Nigeria--Economic conditions--Periodicals. Nigeria--Social conditions--Periodicals. | ||
| 942 | _cSR | ||
| 999 |
_c38387 _d38387 |
||